| 000 | 00510nam a2200205Ia 4500 | ||
|---|---|---|---|
| 005 | 20250923150422.0 | ||
| 008 | 008 250917s9999 xx 000 0 eng d | ||
| 037 | _aTextual | ||
| 040 |
_aDSWL _beng _cDSWL |
||
| 041 |
_aeng _2eng |
||
| 084 | _qDSWL | ||
| 100 |
_aThapar, Romila _9845747 |
||
| 245 | 0 |
_aGazing eastwards _cby Romila Thapar |
|
| 260 |
_aNew Delhi _b Aleph Book Comp. _c2020 |
||
| 300 | _a282 p. | ||
| 365 |
_aINR _b999 |
||
| 925 | _g999 | ||
| 942 | _cTEXL | ||
| 999 |
_c1463241 _d1463241 |
||